00839cam a22002291 4500001001300000003000400013005001700017008004100034010001700075035002000092040004500112050001500157100005200172245005200224260002200276300003200298500001900330500003000349500017200379610004100551999001700592s 38000024 DLC20260227111912.0841220s1937 nyuae 000 0 eng c as 38000024  a(OCoLC)11517181 aSmithsonian inst. LibrarycDSIdDSIdDLC00aV13.W3bF41 aFerguson, Homer L.q(Homer Lenoir),d1873-1953.04aThe Mariners' Museum,cby Homer L. Ferguson ... a[New York,c1937] a9 p.billus., plan.c28 cm. aCaption title. aAt head of title: No. 10. a"Advance copy of paper to be presented at the annual meeting of the Society of Naval Architects and Marine Engineers to be held at New York, November 18 and 19, 1937."20aMariners' Museum (Newport News, Va.) c52734d52734